书目信息 |
| 题名: |
名老中医杜奇涛临床经验集萃
|
|
| 作者: | 吴绍宾 , 李垂青 主编 | |
| 分册: | ||
| 出版信息: | 长春 吉林科学技术出版社 2019.05 |
|
| 页数: | 252页 | |
| 开本: | 24cm | |
| 丛书名: | ||
| 单 册: | ||
| 中图分类: | R249.76 | |
| 科图分类: | ||
| 主题词: | 中医临床--zhong yi lin chuang--经验--中国--现代 | |
| 电子资源: | ||
| ISBN: | 978-7-5578-3857-7 | |
| 000 | 01091nam0 2200253 450 | |
| 001 | CAL 0120192766128 | |
| 005 | 20230217093111.0 | |
| 010 | @a978-7-5578-3857-7@dCNY88.00 | |
| 100 | @a20190614d2019 em y0chiy0120 ea | |
| 101 | 0 | @achi |
| 102 | @aCN@b220000 | |
| 105 | @aa a 000yy | |
| 106 | @ar | |
| 200 | 1 | @a名老中医杜奇涛临床经验集萃@Aming lao zhong yi du qi tao lin chuang jing yan ji cui@f吴绍宾, 李垂青主编 |
| 210 | @a长春@c吉林科学技术出版社@d2019.05 | |
| 215 | @a252页@c图@d24cm | |
| 320 | @a有书目 (第252页) | |
| 330 | @a本书汇集了名老中医杜奇涛多年的中医骨科临床经验精华和临床医案精华, 旨在与诸位中医骨科同道相互学习交流经验。当代名老中医临床经验集萃, 是学习、研究当代名老中医学术思想及临床经验的范本, 对指导临床、培养中医骨科临床学科带头人和促进中医药的传承与创新具有十分重要的意义, 也为下一步名老中医传承研究奠定了良好基础。 | |
| 606 | 0 | @a中医临床@Azhong yi lin chuang@x经验@y中国@z现代 |
| 690 | @aR249.76@v5 | |
| 701 | 0 | @a吴绍宾@Awu shao bin@4主编 |
| 701 | 0 | @a李垂青@Ali chui qing@4主编 |
| 801 | 0 | @aCN@bBJXHZP@c20230228 |
| 905 | @b1395129-32@dR249.76@e621@f4 | |
| 名老中医杜奇涛临床经验集萃/吴绍宾, 李垂青主编.-长春:吉林科学技术出版社,2019.05 |
| 252页:图;24cm |
| ISBN 978-7-5578-3857-7:CNY88.00 |
| 本书汇集了名老中医杜奇涛多年的中医骨科临床经验精华和临床医案精华, 旨在与诸位中医骨科同道相互学习交流经验。当代名老中医临床经验集萃, 是学习、研究当代名老中医学术思想及临床经验的范本, 对指导临床、培养中医骨科临床学科带头人和促进中医药的传承与创新具有十分重要的意义, 也为下一步名老中医传承研究奠定了良好基础。 |
| ● |
| 相关链接 |
|
|
|
|
正题名:名老中医杜奇涛临床经验集萃
索取号:R249.76/621
 
预约/预借
| 序号 | 登录号 | 条形码 | 馆藏地/架位号 | 状态 | 备注 |
| 1 | 1395129 | 213951295 | 第二样本阅览室/ [索取号:R249.76/621] | 在馆 | |
| 2 | 1395130 | 213951302 | 第三借阅区/ [索取号:R249.76/621] | 在馆 | |
| 3 | 1395131 | 213951311 | 第三借阅区/ [索取号:R249.76/621] | 在馆 | |
| 4 | 1395132 | 213951320 | 第三借阅区/ [索取号:R249.76/621] | 在馆 |